<?xml version="1.0" encoding="UTF-8"?>
<collection xmlns="http://www.loc.gov/MARC21/slim">
 <record>
  <leader>00802nam a22002295a 4500</leader>
  <controlfield tag="001">CEM.cems004565</controlfield>
  <controlfield tag="005">20060217000000.0</controlfield>
  <controlfield tag="008">130507s1956##################000#0#####d</controlfield>
  <controlfield tag="003">CEMS</controlfield>
  <datafield tag="082" ind1="0" ind2="4">
   <subfield code="a">571</subfield>
  </datafield>
  <datafield tag="100" ind1="1" ind2=" ">
   <subfield code="a">Murdock, George Peter</subfield>
  </datafield>
  <datafield tag="245" ind1="1" ind2="0">
   <subfield code="a">Nuestros contemporáneos primitivos /</subfield>
   <subfield code="c">George Peter Murdock</subfield>
  </datafield>
  <datafield tag="250" ind1=" " ind2=" ">
   <subfield code="a">2a. ed.</subfield>
  </datafield>
  <datafield tag="260" ind1=" " ind2=" ">
   <subfield code="a">México :</subfield>
   <subfield code="b">Fondo de Cultura Económica,</subfield>
   <subfield code="c">1956</subfield>
  </datafield>
  <datafield tag="300" ind1=" " ind2=" ">
   <subfield code="a">193 p.</subfield>
  </datafield>
  <datafield tag="505" ind1="0" ind2=" ">
   <subfield code="a">Arqueolog¡a oriental hasta la Segunda Guerra Mundial; arqueolog¡adesde 1946 hata 1968; misi¢n arqueol¢gica; investigaci¢n; ciencia moderna y arqueolog¡a.</subfield>
  </datafield>
  <datafield tag="653" ind1=" " ind2=" ">
   <subfield code="a">Antropologia</subfield>
  </datafield>
  <datafield tag="653" ind1=" " ind2=" ">
   <subfield code="a">Arqueologia</subfield>
  </datafield>
  <datafield tag="653" ind1=" " ind2=" ">
   <subfield code="a">Cultura azteca</subfield>
  </datafield>
  <datafield tag="653" ind1=" " ind2=" ">
   <subfield code="a">Cultura inca</subfield>
  </datafield>
  <datafield tag="653" ind1=" " ind2=" ">
   <subfield code="a">Culturas prehistóricas</subfield>
  </datafield>
  <datafield tag="859" ind1=" " ind2=" ">
   <subfield code="a">CEMS</subfield>
   <subfield code="b">BIB. CEMS - 11 de abril</subfield>
   <subfield code="h">571</subfield>
   <subfield code="i">M936a2</subfield>
   <subfield code="p">3516.75</subfield>
   <subfield code="t">Ej.1</subfield>
  </datafield>
 </record>
</collection>
